Normal view MARC view
  • Jewelry -- History -- 20th century

Entry Topical Term

Number of records used in: 1

001 - CONTROL NUMBER

  • control field: 88384

003 - CONTROL NUMBER IDENTIFIER

  • control field: NUST

005 - DATE AND TIME OF LATEST TRANSACTION

  • control field: 20220114112013.0

008 - FIXED-LENGTH DATA ELEMENTS

  • fixed length control field: 220114|| aca||aabn | a|a d

040 ## - CATALOGING SOURCE

  • Original cataloging agency: NUST
  • Transcribing agency: NUST

150 ## - HEADING--TOPICAL TERM

  • Topical term or geographic name entry element: Jewelry -- History -- 20th century

670 ## - SOURCE DATA FOUND

  • Source citation: Work cat.: (NUST): Cappellieri, Alba 88383, Twentieth-Century Jewellery : From Art Nouveau To Contemporary Design In Europe And The United States, 2010.
© 2023 Central Library, National University of Sciences and Technology. All Rights Reserved.